00377nam a22001097a 4500003000400000008004100004020001800045100001800063245012400081260003700205650002500242OSt250212b |||||||| |||| 00| 0 eng d a9788197818486 aSUNITA et al. aHybrid Approaches in Artificial Intelligence: Integrating Machine Learning, Deep Learning and Evolutionary Approaches  aNew Delhi,bNaples India:c2024. aFaculty Publication